000 00583nam a2200205Ia 4500
001 17082
003 GE_BSU
008 181216s||||||||xx |||||||||||||| ||und||
040 _cGE_BSU
080 _a821.353.1-1
100 _aაბაშელი, ალ.
245 _aერთტომეული.
245 _cრედ.ვ.ხაზალია
260 _aთბილისი
260 _bსახელგამი
260 _c1955
300 _a320გვ. : 1ფურც. პორტრ.23სმ.
653 _aერთტომეული.
942 _cBK
999 _c50144
_d50144